La explotacion del exito colombino con el sistema de viajes de descubrimento y rescate (Registro nro. 309420)
[ vista simple ]
| 000 -ENCABEZADO | |
|---|---|
| Número de control [NR] | 02034cam a2200265Mi 4500 |
| 001 - NÚMERO DE CONTROL | |
| control field | ocn859601840 |
| 003 - IDENTIFICADOR DE CONTROL NÚMERO | |
| control field | Co-BoUCM |
| 005 - FECHA Y HORA DE LA ÚLTIMA TRANSACCIÓN | |
| control field | 20220823145821.0 |
| 008 - DE LONGITUD FIJA DE DATOS DE ELEMENTOS - INFORMACIÓN GENERAL | |
| Elementos de longitud fija [NR] | 990917s1992 sp fr u001 0 spa d |
| 040 ## - FUENTE DE CATALOGACION [NR] | |
| Agencia de catalogación original [NR] | Co-BoUCM |
| Idioma de catalogación [NR] | spa |
| Quien Cataloga | Sandra Yazo |
| Quien Clasifica | Sandra Yazo |
| 041 0# - CODIGO DE IDIOMA [R] | |
| Código de idioma para texto/pista de sonido o título separado [R] | Español |
| 082 04 - NUMERO DE CLASIFICACION DECIMAL DEWEY [R] | |
| Número de la edición [NR] | 20 |
| Número de clasificación [R] | 980.01 |
| 092 ## - SIGNATURA TOPOGRAFICA LOCAL | |
| Número de clasificación local | E63N101 |
| 245 03 - MENCION DE TITULO [NR] | |
| Título [NR] | La explotacion del exito colombino con el sistema de viajes de descubrimento y rescate |
| Mención de responsabilidad, etc. [NR] | con introduccion, estudio historico y edicion de textos de Demetrio Ramos |
| 260 ## - PUBLICACION, DISTRIBUCION, ETC. (PIE DE IMPRENTA) [R] | |
| Lugar de publicación, distribución, etc. [R] | Madrid (España) |
| Nombre del editor, distribuidor, etc. [R] | Testimonio Compania Editorial |
| Fecha de publicación, distribución, etc. [R] | 1992 |
| 300 ## - DESCRIPCION FISICA [R] | |
| Extensión [R] | 298 páginas |
| Dimensiones [R] | 24 cm. |
| 490 0# - MENCION DE SERIE [R] | |
| Mención de serie [R] | Tabula americae |
| Designación numérica/secuencial del volumen [NR] | 17 |
| 500 ## - NOTA GENERAL [R] | |
| Nota general [NR] | Detalles físicos: Estuche de lujo con libro en encuadernación flexible en cartulina, soblapa y sobrecubierta. Anteportada y portada en dos tintas. Portada con grabado decorativo. Texto impreso en dos tintas con notas al pie de página. Incluye edición facsímilar (119 folios) de los documentos y transcipción de los mismos. Carta de donación (Belisario Betancor). Ubicado en estante 30 |
| 505 2# - NOTA DE CONTENIDO CON FORMATO PREESTABLECIDO [R] | |
| Nota de contenido con formato preestablecido [NR] | Introducción ; La política de los viajes de “descubrimiento y rescate”, tras el sistema privilegiado de Colón ; Que significan las capitulaciones ; Las diferencias con la edad media: ir a lo desconocido ; El cambio a la edad Moderna “Cesárea” ; Las dos fases de los viajes de “descubrimiento y rescate”: las de empresa “marinera” y las de inversión capitalista ; Carácter de las capitulaciones de “descubrimiento y rescate” ; Las colecciones y planteamiento de la Corona ; La sucesión de “perfeccionamientos” ; La consolidación de la forma de “empresas mixtas” ; La cuña fracasada de sistema de “ordenes” -- Advertencia -- Las capitulaciones: Documento I - XL |
| 506 ## - NOTA DE RESTRICCIONES DE ACCESO [R] | |
| Condiciones de acceso [NR] | Consulta en sala (Vitrina) |
| 600 17 - ASIENTO SECUNDARIO DE MATERIA - NOMBRE PERSONAL [R] | |
| Nombre personal [NR] | Colón, Cristóbal |
| Fechas asociadas con el nombre [NR] | 1451-1506 |
| Subdivisión general [R] | Itinerarios |
| 9 (RLIN) | 122496 |
| 651 #7 - ASIENTO SECUNDARIO DE MATERIA - NOMBRE GEOGRAFICO [R] | |
| Nombre geográfico [NR] | América |
| Subdivisión general [R] | Descubrimiento y exploraciones |
| 9 (RLIN) | 26760 |
| 700 1# - ASIENTO SECUNDARIO - NOMBRE PERSONAL [R] | |
| Nombre personal [NR] | Ramos Pérez, Demetrio |
| 9 (RLIN) | 91608 |
| 942 ## - ELEMENTOS DE ENTRADA AGREGADOS (KOHA) | |
| Sistema de clasificación | LOCAL |
| Tipo de ítem principal el descrito en 300a | Libro |
| Edición | 1 |
| Clasificación | E63N101 |
| Suprimido | Perdido | Sistema de clasificación | Dañado | No prestable | Tipo de ítem específico | Ubicación habitual | Ubicación actual | Localización | Fecha de creación | Forma de adquisición | Costo | Total préstamos | Signatura topográfica | Código de barras | Última vez visto | Ejemplar | Price effective from | Tipo de ítem |
|---|---|---|---|---|---|---|---|---|---|---|---|---|---|---|---|---|---|---|
| LOCAL | Libro archivo | Archivo Histórico | Archivo Histórico | Archivo histórico | 27/02/2018 | Donación | 0.00 | E63N101 | L006510 | 27/02/2018 | Ej.1 | 27/02/2018 | Libro |